| 000 | 00622nam a2200205 a 4500 | ||
|---|---|---|---|
| 001 | BRL_1650 | ||
| 005 | 20190320211315.0 | ||
| 008 | 210414s1976----mx-a######---#000-0#spa-# | ||
| 041 | _aspa | ||
| 044 | _amx | ||
| 050 | 4 |
_aF1221.O86 _b.G37 1976 |
|
| 100 | 1 |
_aGarcía Tellez, Alfonso _927533 |
|
| 245 | 1 | 0 |
_aHistoria de un brujo nagual de San Pablito Pahuatlan, Puebla _cAlfonso Garcias Tellez. |
| 260 |
_aSan Pablito, Pahuatlan, Puebla _b[s.n.] _c1976 |
||
| 300 |
_a22 p. _bil. _c16 cm. |
||
| 500 | _aAu1880 | ||
| 650 | 1 | 4 |
_aOtomíes _xChamanismo _zSan Pablito (Pahuatlan: Puebla) _927534 |
| 902 | _aGRL | ||
| 942 |
_2lcc _cB |
||
| 999 |
_c10459 _d10459 |
||